Ukrainian Cities by their Polish Names - Statistics

General Stats
  • This quiz has been taken 45 times
  • The average score is 8 of 15
Answer Stats
Polish city name Ukrainian city name % Correct
Kijów Kyiv
97%
Lwów Lviv
97%
Charków Kharkiv
94%
Równe Rivne
67%
Czernihów Chernihiv
64%
Tarnopol Ternopil
56%
Winnica Vinnytsia
53%
Żytomierz Zhytomyr
53%
Biała Cerkiew Bila Tserkva
42%
Kałusz Kalush
33%
Stanisławów Ivano-Frankivsk
28%
Humań Uman
28%
Płoskirów Khmelnytskyi
19%
Berdyczów Berdychiv
17%
Kamieniec Podolski Kamianets-Podilskyi
17%
No matching quizzes found
Score Distribution
Percent of People with Each Score
Percentile by Number Answered
Your Score History
You have not taken this quiz